[Event "Titled Tuesday intern op 23rd Apr Late"]
[Site "Chess.com INT"]
[Date "2024.04.23"]
[Round "1"]
[White "Jimenez Fernandez, Rebeca"]
[Black "Gelman, Alexander"]
[Result "0-1"]
[WhiteElo "2055"]
[BlackElo "2403"]
[PlyCount "78"]
[EventDate "2024.04.23"]
[EventType "swiss (blitz)"]
[EventRounds "11"]
[EventCountry "USA"]
[SourceTitle "CB18_2024"]
[SourceDate "2024.05.01"]
[SourceVersion "1"]
[SourceVersionDate "2024.05.01"]
[SourceQuality "2"]

1. e4 c5 2. Nc3 e6 3. g3 a6 4. Bg2 d6 5. d3 Nc6 6. Be3 Nf6 7. h3 Be7 8. f4 Qc7 9. Nf3 Bd7 10. 0-0 h6 11. a4 Rb8 12. Kh1 b5 13. axb5 axb5 14. Qd2 0-0 15. g4 b4 16. Ne2 d5 17. e5 d4 18. Bf2 Nd5 19. Ng3 f6 20. exf6 Rxf6 21. Nh5 Rf7 22. Bg3 Bd6 23. Nh4 Ne3 24. Rf2 Ne7 25. Be4 Bc6 26. Ng2 N7d5 27. Re1 Rbf8 28. Kh2 Nxg2 29. Bxg2 Ne3 30. Bxc6 Qxc6 31. Rxe3 dxe3 32. Qxe3 Qd5 33. f5 exf5 34. gxf5 Rxf5 35. Rxf5 Rxf5 36. Qe8+ Kh7 37. Qe2 Rxh5 38. Bxd6 Qxd6+ 39. Kg2 Rg5+ 0-1

[Event "Titled Tuesday intern op 23rd Apr Late"]
[Site "Chess.com INT"]
[Date "2024.04.23"]
[Round "7"]
[White "Jimenez Fernandez, Rebeca"]
[Black "Omelja, Artem"]
[Result "0-1"]
[WhiteElo "2055"]
[BlackElo "2444"]
[PlyCount "58"]
[EventDate "2024.04.23"]
[EventType "swiss (blitz)"]
[EventRounds "11"]
[EventCountry "USA"]
[SourceTitle "CB18_2024"]
[SourceDate "2024.05.01"]
[SourceVersion "1"]
[SourceVersionDate "2024.05.01"]
[SourceQuality "2"]

1. e4 c5 2. Nc3 Nc6 3. g3 g6 4. Bg2 Bg7 5. d3 d6 6. Be3 e5 7. Qd2 Nge7 8. f4 0-0 9. Nf3 f5 10. 0-0 Nd4 11. fxe5 dxe5 12. exf5 Nexf5 13. Bg5 Qa5 14. Rae1 Nxf3+ 15. Bxf3 Be6 16. Qg2 Kh8 17. Bd5 Bxd5 18. Qxd5 Qb4 19. Rxe5 Qd4+ 20. Qxd4 cxd4 21. Rexf5 Rxf5 22. Rxf5 gxf5 23. Nd5 Rc8 24. c4 dxc3 25. bxc3 b5 26. Kf2 Rc5 27. Ne7 Rxc3 28. Nxf5 Rxd3 29. Ke2 Ra3 0-1

[Event "Titled Tuesday intern op 23rd Apr Late"]
[Site "Chess.com INT"]
[Date "2024.04.23"]
[Round "3"]
[White "Jimenez Fernandez, Rebeca"]
[Black "Ozates, Tuna"]
[Result "1-0"]
[WhiteElo "2055"]
[BlackElo "2290"]
[PlyCount "79"]
[EventDate "2024.04.23"]
[EventType "swiss (blitz)"]
[EventRounds "11"]
[EventCountry "USA"]
[SourceTitle "CB18_2024"]
[SourceDate "2024.05.01"]
[SourceVersion "1"]
[SourceVersionDate "2024.05.01"]
[SourceQuality "2"]

1. d4 Nf6 2. Nf3 g6 3. Nc3 Bg7 4. e4 d6 5. Bc4 0-0 6. 0-0 Nxe4 7. Nxe4 d5 8. Bd3 dxe4 9. Bxe4 c6 10. c3 Nd7 11. Re1 Nf6 12. Bd3 Be6 13. Bg5 Qb6 14. Qc2 Rac8 15. h3 c5 16. dxc5 Qxc5 17. Be3 Qa5 18. Nd4 Bc4 19. Bxc4 Rxc4 20. Nb3 Qa4 21. Bd4 e6 22. Qe2 b6 23. Qf3 Qc6 24. Qe2 Nd5 25. Bxg7 Kxg7 26. Nd4 Qc7 27. Rad1 a6 28. g3 b5 29. a3 Rb8 30. h4 h5 31. Nf3 a5 32. Ne5 Rc5 33. Qe4 b4 34. axb4 axb4 35. c4 Nf6 36. Qf4 Ng4 37. Rd7 Qxd7 38. Nxd7 Rbc8 39. Nxc5 Rxc5 40. Qd4+ 1-0

[Event "EU-ch (Women) 24th"]
[Site "Rhodes"]
[Date "2024.04.20"]
[Round "2"]
[White "Jimenez Fernandez, Rebeca"]
[Black "Saraci, Ndriqona"]
[Result "1-0"]
[WhiteElo "2055"]
[BlackElo "1660"]
[PlyCount "103"]
[EventDate "2024.04.19"]
[EventType "swiss"]
[EventRounds "10"]
[EventCountry "GRE"]
[SourceTitle "CB18_2024"]
[SourceDate "2024.05.01"]
[SourceVersion "1"]
[SourceVersionDate "2024.05.01"]
[SourceQuality "2"]

1. e4 d5 2. exd5 Qxd5 3. Nc3 Qa5 4. d4 Nf6 5. Nf3 c6 6. Bd2 Qc7 7. Bc4 Bg4 8. h3 Bxf3 9. Qxf3 e6 10. 0-0-0 Nbd7 11. g4 Bb4 12. Rhe1 Bxc3 13. Qxc3 0-0-0 14. g5 Nd5 15. Bxd5 cxd5 16. Qf3 Nb6 17. Bf4 Qe7 18. Qc3+ Kd7 19. Qa5 Ra8 20. Qb5+ Kd8 21. Re3 Qd7 22. Qb4 Qa4 23. Qd6+ Qd7 24. Qb4 Qa4 25. Qd6+ Qd7 26. Qe5 Rg8 27. Rc3 Rc8 28. Rxc8+ Nxc8 29. Rd3 Ke7 30. Rc3 Nd6 31. Rc5 Nc4 32. Qe1 Rc8 33. Qb4 Rxc5 34. Qxc5+ Nd6 35. Qxa7 Qb5 36. b3 Qf1+ 37. Kb2 Qxf2 38. Bxd6+ Kxd6 39. Qb6+ Kd7 40. Qxb7+ Kd8 41. Qb6+ Kd7 42. a4 e5 43. Qb7+ Ke6 44. Qc6+ Kf5 45. Qxd5 Kxg5 46. Qxe5+ Kh4 47. a5 Kxh3 48. a6 f6 49. Qd5 g5 50. a7 g4 51. a8Q g3 52. Qh5# 1-0

[Event "Titled Tuesday intern op 16th Apr Late"]
[Site "Chess.com INT"]
[Date "2024.04.16"]
[Round "3"]
[White "Huang, Youhe"]
[Black "Jimenez Fernandez, Rebeca"]
[Result "0-1"]
[WhiteElo "1992"]
[BlackElo "2055"]
[PlyCount "96"]
[EventDate "2024.04.16"]
[EventType "swiss (blitz)"]
[EventRounds "11"]
[EventCountry "USA"]
[SourceTitle "CB17_2024"]
[SourceDate "2024.04.24"]
[SourceVersion "1"]
[SourceVersionDate "2024.04.24"]
[SourceQuality "1"]

1. d4 d6 2. c4 g6 3. Nf3 Bg7 4. b3 Nf6 5. Bb2 0-0 6. Nc3 Nbd7 7. h3 e5 8. e3 e4 9. Nd2 Re8 10. g4 c6 11. g5 Nh5 12. h4 c5 13. Nb5 Qb6 14. dxc5 dxc5 15. Bxg7 Nxg7 16. Bg2 f5 17. Nc3 Qe6 18. Nd5 Qc6 19. h5 Nxh5 20. Rxh5 gxh5 21. Qxh5 Qg6 22. Qxg6+ hxg6 23. Nc7 Rd8 24. Nxa8 Ne5 25. Nc7 Nd3+ 26. Ke2 Nxf2 27. Nd5 Ng4 28. Rh1 Be6 29. Nf6+ Nxf6 30. gxf6 Kf7 31. Rh7+ Kxf6 32. Rxb7 Rh8 33. Rc7 g5 34. Kf2 Rd8 35. Nf1 Rd1 36. Rxc5 Ra1 37. a4 Ra2+ 38. Kg1 Rb2 39. Rb5 a6 40. Rb6 Ke5 41. c5 f4 42. exf4+ gxf4 43. c6 f3 44. Bh3 Bxh3 45. Ne3 Kf4 46. Nd5+ Kg3 47. Nc3 f2+ 48. Kh1 f1Q# 0-1

[Event "Titled Tuesday intern op 16th Apr Late"]
[Site "Chess.com INT"]
[Date "2024.04.16"]
[Round "7"]
[White "Jimenez Fernandez, Rebeca"]
[Black "Skaric, Djuro"]
[Result "0-1"]
[WhiteElo "2055"]
[BlackElo "2297"]
[PlyCount "78"]
[EventDate "2024.04.16"]
[EventType "swiss (blitz)"]
[EventRounds "11"]
[EventCountry "USA"]
[SourceTitle "CB17_2024"]
[SourceDate "2024.04.24"]
[SourceVersion "1"]
[SourceVersionDate "2024.04.24"]
[SourceQuality "1"]

1. e4 d6 2. d4 g6 3. Nc3 Bg7 4. Be3 Nf6 5. f3 0-0 6. Qd2 Nc6 7. 0-0-0 a6 8. Bh6 b5 9. h4 Nh5 10. g4 Ng3 11. Rh2 Nxf1 12. Rxf1 e5 13. d5 Nd4 14. h5 Bxh6 15. Qxh6 Qf6 16. hxg6 Qxg6 17. Qe3 b4 18. Nce2 Nxe2+ 19. Nxe2 f6 20. Rfh1 Rf7 21. Kb1 Rg7 22. Ng3 Qg5 23. Qb3 a5 24. Qa4 Bd7 25. Qb3 Rf7 26. Qc4 Qf4 27. Nf5 Bxf5 28. gxf5 Qxf3 29. Rh3 Qg4 30. Qf1 Rg7 31. Rxh7 Rxh7 32. Rg1 Qxg1 33. Qxg1+ Kh8 34. b3 Rg8 35. Qa7 Rh1+ 36. Kb2 Rgg1 37. Qb8+ Kh7 38. Qxc7+ Kh6 39. c4 Rg2# 0-1

[Event "EU-ch Rapid (Women)"]
[Site "Monaco"]
[Date "2024.01.13"]
[Round "3"]
[White "Calzetta Ruiz, Monica"]
[Black "Jimenez Fernandez, Rebeca"]
[Result "1/2-1/2"]
[WhiteElo "2241"]
[BlackElo "2051"]
[PlyCount "125"]
[EventDate "2024.01.13"]
[EventType "swiss (rapid)"]
[EventRounds "11"]
[EventCountry "MNC"]
[SourceTitle "CB03_2024"]
[SourceDate "2024.01.17"]
[SourceVersion "1"]
[SourceVersionDate "2024.01.17"]
[SourceQuality "1"]

1. e4 c6 2. d4 d5 3. exd5 cxd5 4. c4 Nf6 5. Nc3 Nc6 6. Bg5 dxc4 7. Bxc4 h6 8. Bh4 a6 9. Nf3 g5 10. Bg3 Bg7 11. 0-0 0-0 12. d5 Nb8 13. Re1 Nbd7 14. Rc1 b5 15. Bb3 Bb7 16. d6 e6 17. Nd4 Nc5 18. Bc2 b4 19. Na4 Nxa4 20. Bxa4 Qb6 21. Be5 Rfd8 22. Nc6 Bxc6 23. Rxc6 Qa5 24. Bb3 Qb5 25. Qf3 Nd5 26. Bxg7 Kxg7 27. Bxd5 Qxd5 28. Qxd5 exd5 29. Re7 Rac8 30. Rcc7 Rxc7 31. dxc7 Rc8 32. Rd7 Kf6 33. Rxd5 Rxc7 34. g4 Ke6 35. Ra5 Rc6 36. Kg2 Kd7 37. b3 Kc7 38. Ra4 Rb6 39. Kf3 Kb7 40. Ra5 Rc6 41. Ke4 Kb6 42. Rf5 f6 43. f4 a5 44. Rd5 gxf4 45. Kxf4 Rc2 46. Rd6+ Kc5 47. Rxf6 Rxh2 48. Rf5+ Kb6 49. Rh5 Rxa2 50. Rxh6+ Kc5 51. g5 Kd4 52. Rh3 a4 53. bxa4 Rxa4 54. g6 Ra8 55. Kf5 Kc4 56. g7 Rg8 57. Kf6 b3 58. Kf7 Rxg7+ 59. Kxg7 b2 60. Rh1 Kc3 61. Kf6 Kc2 62. Ke5 b1Q 63. Rxb1 1/2-1/2

[Event "EU-ch Blitz (Women)"]
[Site "Monaco"]
[Date "2024.01.12"]
[Round "7"]
[White "Zimina, Olga"]
[Black "Jimenez Fernandez, Rebeca"]
[Result "1/2-1/2"]
[WhiteElo "2291"]
[BlackElo "2051"]
[PlyCount "77"]
[EventDate "2024.01.12"]
[EventType "swiss (blitz)"]
[EventRounds "13"]
[EventCountry "MNC"]
[SourceTitle "CB03_2024"]
[SourceDate "2024.01.17"]
[SourceVersion "1"]
[SourceVersionDate "2024.01.17"]
[SourceQuality "1"]

1. d4 Nf6 2. Nf3 e6 3. g3 d5 4. Bg2 Be7 5. 0-0 0-0 6. c4 dxc4 7. Qc2 b5 8. a4 b4 9. Nbd2 Bb7 10. Nxc4 Be4 11. Qd2 Nbd7 12. Rd1 c5 13. dxc5 Nxc5 14. Qxd8 Rfxd8 15. Rxd8+ Rxd8 16. Bf4 Nd5 17. Nfe5 Nxf4 18. gxf4 Bxg2 19. Kxg2 Bf6 20. Kf3 Nb3 21. Rg1 Nd2+ 22. Nxd2 Rxd2 23. Rc1 h6 24. Rc8+ Kh7 25. Rb8 Bxe5 26. fxe5 Rxb2 27. Rb7 Kg6 28. Rxa7 Ra2 29. a5 b3 30. a6 b2 31. Rb7 Rxa6 32. Rxb2 Kf5 33. Rb7 Kg6 34. Rb5 Ra1 35. e3 Rh1 36. Kg2 Ra1 37. Kf3 Rh1 38. Kg2 Ra1 39. Kf3 1/2-1/2

[Event "ESP-ch 88th"]
[Site "Marbella"]
[Date "2023.10.19"]
[Round "7"]
[White "Perez Perez, Gabriel"]
[Black "Jimenez Fernandez, Rebeca"]
[Result "1-0"]
[WhiteElo "2223"]
[BlackElo "2053"]
[PlyCount "95"]
[EventDate "2023.10.13"]
[EventType "swiss"]
[EventRounds "9"]
[EventCountry "ESP"]
[SourceTitle "Mega2024 Update 01"]
[Source "Chessbase"]
[SourceDate "2023.11.12"]
[SourceVersion "1"]
[SourceVersionDate "2023.11.12"]
[SourceQuality "1"]

1. e4 c5 2. Nf3 d6 3. Bb5+ Bd7 4. Bxd7+ Qxd7 5. c4 g6 6. d4 cxd4 7. Nxd4 Bg7 8. Nc3 Nc6 9. Be3 Nf6 10. f3 0-0 11. 0-0 Rac8 12. b3 a6 13. a4 Qd8 14. Rb1 Nd7 15. Kh1 Nxd4 16. Bxd4 Bxd4 17. Qxd4 Qb6 18. Qd2 Qb4 19. Qb2 Rfe8 20. f4 Qc5 21. Rbd1 Nf6 22. Rd3 Qc6 23. Qe2 Nd7 24. Rdf3 Kg7 25. e5 dxe5 26. fxe5 Rf8 27. Nd5 Qe6 28. Nf4 Qxe5 29. Re3 Qd6 30. Rxe7 Kg8 31. Nd5 f5 32. Rd1 Nc5 33. Rxb7 Rce8 34. Ne7+ Rxe7 35. Rxe7 Qf4 36. Qe3 Qg4 37. Re1 Ne4 38. Qa7 Qh4 39. Rb1 Rd8 40. Kg1 Qh5 41. Rg7+ Kh8 42. Rd7 Rxd7 43. Qxd7 Qe2 44. Qd4+ Kg8 45. Rd1 f4 46. Qd8+ Kg7 47. Rd7+ Kh6 48. Qh4+ 1-0

[Event "Titled Tuesday intern op 26th Sep Late"]
[Site "Chess.com INT"]
[Date "2023.09.26"]
[Round "10"]
[White "Yedidia, Jonathan"]
[Black "Jimenez Fernandez, Rebeca"]
[Result "1-0"]
[WhiteElo "2360"]
[BlackElo "2039"]
[PlyCount "117"]
[EventDate "2023.09.26"]
[EventType "swiss (blitz)"]
[EventRounds "11"]
[EventCountry "USA"]
[SourceTitle "EXT 2024"]
[Source "ChessBase"]
[SourceDate "2023.10.10"]
[SourceVersion "1"]
[SourceVersionDate "2023.10.10"]
[SourceQuality "1"]

1. d4 d5 2. c4 c6 3. cxd5 cxd5 4. Bf4 Nf6 5. e3 Nc6 6. Nc3 a6 7. Be2 e6 8. Nf3 Bd6 9. Bxd6 Qxd6 10. 0-0 0-0 11. Rc1 e5 12. dxe5 Nxe5 13. Nd4 Bg4 14. h3 Bxe2 15. Qxe2 Rac8 16. Rfd1 Qb4 17. Nf3 Nc4 18. b3 Nb6 19. Rd4 Qa3 20. Rc2 Rc7 21. Rdd2 Rfc8 22. Nb1 Qd6 23. Rxc7 Rxc7 24. Rc2 Ne4 25. Nd4 Nd7 26. Qd1 g6 27. Qc1 Rxc2 28. Qxc2 Qf6 29. f3 Ng3 30. Qc7 Qe5 31. Qxe5 Nxe5 32. Kf2 Nh5 33. Nc3 Nd3+ 34. Ke2 Nb4 35. a3 Nc6 36. Nxd5 Nxd4+ 37. exd4 Ng7 38. Kd3 Ne6 39. Nf6+ Kg7 40. Nd7 f5 41. Nc5 Nxc5+ 42. dxc5 Kf7 43. Kd4 Ke6 44. b4 h5 45. a4 h4 46. b5 axb5 47. axb5 g5 48. c6 bxc6 49. bxc6 g4 50. fxg4 fxg4 51. hxg4 Kd6 52. Ke4 Kxc6 53. Kf5 Kd5 54. g5 Kd4 55. g6 Ke3 56. g7 Kf2 57. g8Q h3 58. gxh3 Kf1 59. Kf4 1-0

[Event "Titled Tuesday intern op 23rd May Early"]
[Site "Chess.com INT"]
[Date "2023.05.23"]
[Round "4"]
[White "Jimenez Fernandez, Rebeca"]
[Black "Vargas, Mauricio"]
[Result "1-0"]
[WhiteElo "2069"]
[BlackElo "2035"]
[PlyCount "59"]
[EventDate "2023.05.23"]
[EventType "swiss (blitz)"]
[EventRounds "11"]
[EventCountry "USA"]
[SourceTitle "CBM 214 Extra"]
[Source "ChessBase"]
[SourceDate "2023.07.31"]
[SourceVersion "1"]
[SourceVersionDate "2023.07.31"]
[SourceQuality "1"]

1. e4 c5 2. Nc3 d6 3. g3 Nf6 4. Bg2 Nc6 5. d3 g6 6. h3 Bg7 7. Be3 0-0 8. Qd2 e6 9. Bh6 d5 10. Bxg7 Kxg7 11. Nge2 d4 12. Nd1 e5 13. 0-0 Be6 14. f4 exf4 15. Nxf4 Bd7 16. Nf2 g5 17. Ne2 h6 18. g4 Ne5 19. Ng3 Rg8 20. Nd1 Kh7 21. b3 Be6 22. Nb2 Nfxg4 23. hxg4 Nxg4 24. Bh3 Qc7 25. Nf5 Ne3 26. Nxe3 dxe3 27. Qxe3 g4 28. Bg2 Rae8 29. Rf6 Qe5 30. Qxh6# 1-0